书目信息 |
| 题名: |
齐次可列马尔可夫过程
|
|
| 作者: | 侯振挺 , 郭青峰 著 | |
| 分册: | ||
| 出版信息: | 北京 科学出版社 1978 |
|
| 页数: | 252页 | |
| 开本: | 20cm | |
| 丛书名: | ||
| 单 册: | ||
| 中图分类: | O211.62 | |
| 科图分类: | ||
| 主题词: | 马尔柯夫过程 | |
| 电子资源: | ||
| ISBN: | ||
| 000 | 00676nam0 2200241 45 | |
| 001 | 0178005895 | |
| 005 | 20060926093854.84 | |
| 010 | @dCNY1.05 | |
| 091 | @aCN@b13031.779 | |
| 100 | @a19950725d1978 em y0chiy0121 ea | |
| 101 | 0 | @achi |
| 102 | @aCN@b110000 | |
| 105 | @ay z 000yy | |
| 200 | 10 | @a齐次可列马尔可夫过程@Aqi ci ke lie ma er ke fu guo cheng@f侯振挺,郭青峰著 |
| 210 | @a北京@c科学出版社@d1978 | |
| 215 | @a252页@d20cm | |
| 300 | @a纯粹数学与应用数学专著 第2号 | |
| 606 | @a马尔柯夫过程 | |
| 690 | @aO211.62@v3 | |
| 701 | 0 | @a侯振挺@Ahou zhen ting@4著 |
| 701 | 0 | @a郭青峰@Aguo qing feng@4著 |
| 801 | 0 | @aCN@bTSSF@c20060926 |
| 905 | @a10447@dO211.62@e178 | |
| 齐次可列马尔可夫过程/侯振挺,郭青峰著.-北京:科学出版社,1978 |
| 252页;20cm |
| 纯粹数学与应用数学专著 第2号 |
| ISBN :CNY1.05 |
| ● |
| 相关链接 |
|
|
|
|
正题名:齐次可列马尔可夫过程
索取号:O211.62/178
 
预约/预借
| 序号 | 登录号 | 条形码 | 馆藏地/架位号 | 状态 | 备注 |
| 1 | 0422489 | 204224892 | 密集书库/ [索取号:O211.62/178] | 在馆 | |
| 2 | 0422496 | 204224963 | 密集书库/ [索取号:O211.62/178] | 在馆 | |
| 3 | 0431716 | 204317168 | 密集书库/ [索取号:O211.62/178] | 在馆 | |
| 4 | 0431717 | 204317177 | 密集书库/ [索取号:O211.62/178] | 在馆 | |
| 5 | 0442398 | 204423980 | 密集书库/ [索取号:O211.62/178] | 在馆 | |
| 6 | 0468369 | 204683690 | 密集书库/ [索取号:O211.62/178] | 在馆 |